|
|
|
|
| LEADER |
00000cam a2200000 a 4500 |
| 001 |
vtls001112340 |
| 003 |
SK-MaSNL |
| 005 |
20260301182234.0 |
| 008 |
250313s1978 xo a e n 000 0 slo |
| 015 |
|
|
|a SNBA1978
|
| 035 |
|
|
|a SNK000055183
|
| 035 |
|
|
|a urn:nbn:sk:snk-aml94h
|
| 035 |
|
|
|a urn:nbn:sk:snk-am008rws
|
| 035 |
|
|
|a 2F2F18D8-D11C-4AFA-A2BE-6E2F636BF510
|
| 040 |
|
|
|a SNK
|b slo
|c SNK
|e AACR2
|
| 041 |
0 |
|
|a slo
|
| 044 |
|
|
|a xo
|c SK
|
| 080 |
|
|
|a 334.724.6+338.244.018(075.8)
|2 1981
|
| 080 |
|
|
|a 338.244.018(075.8)
|2 1981
|
| 245 |
0 |
0 |
|a Ekonomika podniku
|
| 250 |
|
|
|a 1. vyd.
|
| 260 |
|
|
|a Bratislava
|b Vysoká škola ekonomická
|c 1978
|
| 300 |
|
|
|a 155 s.
|b sch., tab.
|c 29 cm
|
| 366 |
|
|
|e 1000 výt.
|
| 504 |
|
|
|a Bibliogr. odkazy
|
| 650 |
0 |
7 |
|a podniková ekonomika
|2 SNKPH
|9 3955
|
| 650 |
0 |
7 |
|a ekonomická efektívnosť
|2 SNKPH
|9 74879
|
| 655 |
|
7 |
|a učebnice vysokých škôl
|2 SNKPH
|9 70191
|
| 852 |
|
|
|a Slovenská národná knižnica
|
| 958 |
|
|
|a OND
|
| 958 |
|
|
|a RM
|
| 958 |
|
|
|a NB
|
| 958 |
|
|
|a UV
|
| 999 |
|
|
|c 852964
|d 854894
|
| 952 |
|
|
|a SNK
|b SNK
|y PREZ
|7 0
|p 17A0968664
|o snkSB 26764
|i snkKSP 4277/78
|0 0
|1 0
|4 0
|d 2014-07-10
|f 1
|l 0
|r 2026-02-24 04:47:19
|w 2026-02-24
|